[Event "ISR-chT"]
[Site "Israel"]
[Date "1999.04.23"]
[Round "9"]
[White "Tsesarsky, Ilya"]
[Black "Vydeslaver, Alik"]
[Result "1-0"]
[WhiteElo "2430"]
[BlackElo "2404"]
[Annotator "Tsesarsky,I"]
[PlyCount "85"]
[EventDate "1999.01.??"]
[EventType "team"]
[EventRounds "11"]
[EventCountry "ISR"]
[SourceTitle "CBM 070"]
[Source "ChessBase"]
[SourceDate "1999.06.08"]
[SourceVersion "1"]
[SourceVersionDate "1999.06.08"]
[SourceQuality "1"]

{[%mdl 548]} 1. Nf3 (1. d4 Nf6 2. c4 g6 3. Nc3 d5 4. cxd5 Nxd5 5. Na4 Bg7 6. e4
Nb6 7. Be3 O-O 8. Nf3 Nxa4 9. Qxa4 c5 10. Rd1 Qb6 11. Rd2 Bd7 12. Qa3 cxd4 13.
Nxd4 Qc7 (13... Rc8 $5) 14. Be2 $14 {1-0 Kortschnoj,V-Sutovskij,E/Dresden 1998/
CBM 65 (25)}) 1... Nf6 2. c4 g6 3. Nc3 d5 4. Qa4+ {This variant recently
became rather popular} c6 (4... Nc6 5. d4 (5. Nd4 $1 Qd7 (5... Bd7 6. cxd5 Nxd4
7. Qxd4 $16) 6. cxd5 Nxd5 (6... Nxd4 7. Qxd4 Bg7 8. Qc4 $16 {1-0 Adamski,
J-Siekaczynski,R/Warsaw LEG 1992 (33)}) 7. Nxc6 Qxc6 8. Qxc6+ bxc6 9. g3 $16 {
[%csl Rc6,Rc7] 1-0 Smejkal,J-Ilincic,Z/CZE-chI Prague ,EXT 1989 (33)}) (5. e3
Bg7 6. d4 O-O 7. Be2 dxc4 8. Qxc4 Nd7 9. O-O Nb6 10. Qb3 Be6 11. Qd1 Bc4 $11 {
1-0 Lechtynsky,J-Rehorek,M/Ceske Budejovice ,EXT 1994 (26)}) 5... Bg7 6. Bg5
dxc4 (6... Ne4 7. cxd5 Nxc3 8. bxc3 Qxd5 9. e3 Bg4 10. Be2 O-O 11. Rb1 $14 {
1-0 Boersma,P-Hoeksema,E/Groningen BSO 1989 (40)}) 7. Rd1 O-O 8. d5 Nb8 9. Qxc4
Nbd7 10. e4 Nb6 11. Qb3 Bg4 12. Be2 $14 {1-0 Meduna,E-Hresc,V/Bad Ragaz 1988 
(41)}) (4... Bd7 5. Qb3 dxc4 (5... Bg7 6. cxd5 O-O 7. Qxb7 $18 {0-1 Votruba,
P-Roeschlau,B/Schueneck GER 1988 (37)}) (5... Bc6 6. cxd5 (6. e3 Bg7 7. Ne5 O-O
8. d4 Nbd7 9. cxd5 Nxd5 10. Nxd5 Nxe5 11. Nb4 a5 12. Nxc6 Nxc6 13. Bd2 $14 {
1/2-1/2 Sorokin,M-Ricardi,P/It, Villa Martelli ARG 1997 (32)}) 6... Bxd5 7.
Nxd5 Qxd5 8. Qxd5 Nxd5 9. g3 (9. d4 $14) 9... Nb4 10. Kd1 Bg7 11. Bg2 c6 12. d4
Nd7 13. Bd2 $14 {1/2-1/2 Andonov,B-Lin,W/Frunze 1989 (62)}) 6. Qxc4 a6 (6...
Nc6 7. d4 Bg7 (7... e6 8. e4 Be7 9. Be2 b5 10. Nxb5 Nxe4 11. Ne5 Bb4+ 12. Kf1
a6 13. Nxc6 axb5 14. Qc2 $18 {1-0 COMP Amy-COMP Cheiron/Paderborn 4th IPCCC
1994 (31)}) 8. e4 O-O 9. e5 Ng4 (9... Be6 10. exf6 Bxc4 11. fxg7 Kxg7 12. Bxc4
Nxd4 13. Nxd4 Qxd4 14. Be2 Rad8 15. O-O Qe5 16. Be3 Rd7 17. Rfe1 Qa5 18. a3
Rfd8 19. Bg4 f5 20. Bf3 e5 21. Bxb7 $1 (21. Bg5 e4 22. Be2 c6 23. Bxd8 Qxd8 24.
Red1 $132 {1/2-1/2 Kramnik,V-Ivanchuk,V/Belgrade 1997/CBM 62 (32)})) 10. Bf4
Na5 11. Qe2 Kh8 12. h3 Nh6 13. Bxh6 Bxh6 14. e6 $18 {1-0 Vaulin,A-Vokarev,S/
Novgorod RUS 1999 (49)}) 7. d4 (7. g3 Nc6 (7... b5 8. Qb3 c5 9. d3 Nc6 10. Bg2
Rc8 11. Qd1 Bg7 12. O-O O-O 13. Be3 Nb4 $11 {1/2-1/2 Psakhis,L-Mikhalevski,V/
Ramat Aviv ISR 1998 (25)}) 8. Bg2 Bg7 9. O-O e5 10. d3 h6 11. Rd1 Be6 12. Qa4
O-O 13. Be3 Nd5 $11 {1/2-1/2 Topalov,V-Svidler,P/Dos Hermanas ESP 1999 (38)})
7... b5 8. Qb3 Nc6 9. Bf4 Bg7 10. e3 O-O 11. Be2 Be6 12. Qd1 Nb4 13. e4 $14 {
1-0 Lautier,J-Bacrot,E/Enghien-les-Bains FRA 1999 (30)}) 5. cxd5 Nxd5 6. Nxd5
Qxd5 7. e4 Qd8 8. d4 Bg7 9. Be3 (9. Be2 Bg4 (9... O-O 10. O-O Nd7 11. Rd1 Nf6
12. Qc2 Bg4 13. h3 Bxf3 14. Bxf3 e6 15. Be3 $14 {1/2-1/2 Berg,K-Bjerring,K/
Copenhagen op ,EXT 1987 (24)}) 10. Be3 Qb6 11. Rb1 Bxf3 12. Bxf3 Qa6 13. Qa3 (
13. Qxa6 Nxa6 14. Ke2 Nb4 (14... Rd8 15. Rhd1 Nb4 16. Rbc1 $14) 15. Rbc1 $14)
13... e5 14. d5 Qxa3 (14... cxd5 15. exd5 f5 (15... Qxa3 16. bxa3 $18) 16. Qb3
e4 17. Be2 Qa5+ 18. Bd2 Qb6 19. Bb5+ Nd7 20. Bc3 $16) 15. bxa3 b6 16. O-O h5 (
16... cxd5 17. exd5 Nd7 18. Rfc1 $14) 17. Rfc1 $14 {1-0 Rubinetti,J-Bronstein,
L/Argentina 1983 (36)}) (9. h3 $6 O-O 10. Be3 c5 11. Rd1 Qb6 12. Rd2 cxd4 13.
Nxd4 Bd7 14. Qa3 {This position without h2-h3 was happened in the game
Kortchnoj - Sutovsky!} Rc8 15. Be2 Rc1+ 16. Bd1 Qa6 17. Qxa6 Nxa6 18. Ne2 Rc7
$11 {1/2-1/2 Engqvist,T-Upmark,J/Stockholm Rilton Cup 1997 (42)}) 9... O-O (
9... Bg4 10. Be2 Nd7 11. O-O (11. Rd1 $14) 11... Nb6 12. Qb4 Qd6 13. Qc3 (13.
Qxd6 $6 exd6 14. Rad1 O-O $132 {0-1 Kelly,B-Yin,H/Cala Galdana 1996 (53)})
13... Rd8 14. Rfd1 O-O 15. h3 $14) 10. Be2 (10. h3 Nd7 11. Rd1 Nb6 $6 (11...
Qc7 {[%cal Ye7e5]} 12. Be2 $6 (12. Qc2 e5 (12... f5 13. Bc4+ Kh8 14. Ng5 Nb6
15. Bb3 fxe4 16. O-O $14) 13. d5 $14) 12... e5 13. d5 cxd5 14. exd5 Nb6 15. Qb4
Bf5 16. d6 Qc2 (16... Qc6 17. O-O Rfd8 18. Bb5 (18. Rd2 Nd5 $15) 18... Qe4 19.
Qxe4 Bxe4 20. Ng5 Bf5 21. Bxb6 axb6 22. Bc4 Rd7 23. g4 Bc2 24. Rd2 Ba4 25. f4
$16) 17. Rc1 Qa4 18. Qxa4 Nxa4 19. b3 Nb6 20. O-O $132) 12. Qc2 e6 $2 13. Be2
Bd7 14. h4 $16 {1-0 Karpov,A-Orsoni,J/Bastia FRA 1998 (22)}) 10... Nd7 (10...
Bg4 11. O-O Nd7 12. Rfd1 (12. h3 Bxf3 13. Bxf3 Nb6 14. Qb4 f5 $1 15. exf5 Rxf5
16. Rac1 Rb5 17. Qd2 Nd5 $132) 12... Nb6 13. Qb3 (13. Qb4 Qd6 14. Qb3 Kh8 15.
a4 f5 16. d5 cxd5 17. exd5 Nd7 18. h3 Bxf3 19. Bxf3 b6 20. Rac1 Nc5 $132 {
1/2-1/2 Mohr,G-Kozul,Z/Bled/Rogaska Slatina 1991/[Ribli] (35)}) (13. Qc2 f5 14.
h3 fxe4 15. Qxe4 Bf5 16. Qh4 Nd5 17. Bh6 $14) 13... Qd6 14. a4 (14. h3 Be6 15.
Qc2 f5 16. e5 (16. Ng5 fxe4 17. Nxe4 Bf5 18. Bd3 Bxe4 19. Bxe4 Nd5 $11) 16...
Qd7 17. Qc1 Rfd8 18. Bh6 Bd5 19. Bxg7 Kxg7 20. b3 $14) 14... Be6 15. Qc2 f5 16.
Ng5 (16. e5 Qb4 17. Rdc1 $132) 16... fxe4 17. Nxe4 Bf5 18. Bd3 Bxe4 19. Bxe4
Nd5 20. Qb3 Rab8 21. Bg5 e6 $11 {0-1 Hauchard,A-Lutz,C/Wildbad(5) 1990 (81)})
11. Rd1 (11. O-O $6 e5 $1 (11... Nf6 12. Qc2 a5 13. h3 a4 14. Rfd1 $14 {
1-0 Simon,H-Thiel,T/NRW- 1994 (43)}) 12. Rad1 exd4 13. Bxd4 Qe7 14. Bxg7 Kxg7
15. Qd4+ Nf6 16. e5 Nd5 17. Bc4 Be6 18. Rfe1 Rfd8 $11 {0-1 Callergard,
R-Gustafsson,F/Swedish tt ch 1995 (38)}) 11... Nf6 12. Qc2 $14 Qa5+ (12... Bg4
13. O-O $14) 13. Bd2 Qb6 (13... Qxa2 $4 14. Bc4 $18) 14. O-O Bg4 15. Be3 Qa5 $6
(15... Rfd8 16. h3 Bxf3 17. Bxf3 $14) 16. b4 $16 Qc7 (16... Qxb4 17. Rb1 Qa3 (
17... Qa5 18. Rxb7 Rab8 19. Bd2 Qd8 (19... Qa3 20. Bb4 $16 {[%csl Ra3]}) 20.
Rxa7 Bxf3 21. Bxf3 Qxd4 22. Be3 $16) 18. Rxb7 Be6 19. Ra1 $1 $16) 17. h3 (17.
b5 $2 Rac8 18. Rc1 Qb8 19. bxc6 Rxc6 20. Qd3 Rfc8 $132) 17... Bxf3 18. Bxf3 Qd7
(18... Rfd8 19. d5 Nd7 20. dxc6 bxc6 21. Be2 $16) 19. d5 a5 $2 $18 (19... cxd5
20. e5 Ne8 21. Rxd5 (21. Bxd5 Qc7 22. Qxc7 Nxc7 23. Bxb7 Rab8 24. Bf3 Bxe5 25.
a3 Nb5 26. Rd7 Rfd8 27. Rxe7 (27. Rfd1 Rxd7 28. Rxd7 Nxa3 29. Rxe7 Bd6 $11)
27... Bd6 28. Rxa7 Nxa7 29. Bxa7 Rbc8 30. Bb6 $14) 21... Qe6 22. Qe4 (22. Rb5
Bxe5 23. Bxb7 Nd6 24. Rxe5 Qxe5 25. Bxa8 Rxa8 26. Rd1 a6 (26... Rc8 27. Qxc8+
Nxc8 28. Rd8+ Kg7 29. Bd4 $18) (26... Nf5 27. Bc5 $14) 27. Bd4 $14) (22. Ra5 $1
Bxe5 23. Bxb7 Rb8 24. Bd5 Qf6 25. a3 $16) 22... Nc7 23. Rc5 Na6 24. Rb5 b6 25.
Qb7 Qxa2 26. Qxe7 Qc4 27. Bxa8 Qxb5 28. Qxa7 Bxe5 $11) 20. b5 $2 $14 (20. dxc6
Qxc6 21. Qxc6 bxc6 22. b5 cxb5 (22... Rfc8 23. bxc6 Ne8 24. Rb1 $16) 23. e5 $18
) 20... cxb5 21. e5 Ne8 22. Bf4 $5 (22. e6 Qd6 (22... Qc8 23. Rc1 Qxc2 24.
exf7+ Rxf7 25. Rxc2 Nd6 26. Rb1 b4 $44) 23. Bc5 Qc7 24. Rc1 Nd6 $44) (22. Bg4
$1 Qd8 (22... Qc7 23. Qxc7 Nxc7 24. d6 exd6 25. exd6 Ne6 26. d7 Bf6 27. Rfe1
$14) 23. f4 b4 24. Qf2 f5 25. Bb6 Qd7 26. Bf3 $14) 22... f6 23. e6 Qd8 $6 $16 (
23... Qc8 $142 24. Rc1 Qxc2 25. Rxc2 b4 26. Rc5 $14) 24. Qb3 $1 Nd6 25. Bxd6
Qxd6 26. Qxb5 Rfc8 (26... Ra7 27. Rc1 f5 28. Rc4 Be5 29. Rfc1 $16) 27. Qxb7
Rab8 28. Qa7 f5 (28... Rb2 29. Qxa5 Rc5 30. Qa8+ Rb8 31. Qa3 $16) 29. Qxa5 Rc2
(29... Rb2 30. Rb1 Rxb1 31. Rxb1 Bd4 32. Qd2 $16) (29... Ra8 30. Qd2 Bc3 31.
Qe2 Rc5 32. Rb1 Rca5 33. Qe3 Bf6 34. Rb6 Qa3 35. Qxa3 Rxa3 36. d6 $1 $18 {
[%cal Ga2g8,Rf3d5]}) 30. Qa4 (30. Rc1 Rxc1 31. Rxc1 Qf4 32. Qe1 Bb2 33. Rb1 Be5
34. Rxb8+ Bxb8 35. Qc3 Bd6 36. g3 Qa4 37. Qd2 $16) 30... Rbc8 (30... Rcb2 31.
Rc1 Be5 32. Rc6 $16) 31. Rd3 (31. Rb1 $16) 31... Be5 32. Bd1 Rc1 33. Re1 Ra1
34. g3 (34. Qd7 Rc7 35. Qe8+ Kg7 36. Qf7+ Kh6 37. g4 $1 $16) 34... Kg7 35. Kg2
(35. Qd7 $2 Rc7 36. Qe8 (36. Qxd6 Bxd6 $14) 36... Rxa2 37. Qf7+ Kh6 $14) 35...
Rcc1 36. Qe8 Bf6 (36... Kh6 37. a4 Qb4 38. Rxe5 Rxd1 39. Qf8+ $18) 37. Qd7 $1 (
37. a4 Qb4 38. d6 Qxe1 39. dxe7 Qe4+ 40. Kh2 Kh6 41. Qf8+ Bg7 42. e8=Q Rxd1 43.
Qxg7+ Kxg7 44. Qd7+ Kh6 45. Rxd1 Rxd1 46. Qxd1 Qxe6 47. Qd4 $18) 37... Qb4 38.
d6 $1 {At this moment I still had only 6 seconds...} Qxe1 39. dxe7 Qe4+ 40. Kh2
(40. Rf3 $4 Rxd1 41. e8=Q+ Rxd7 42. Qxd7+ Kh6 $19) (40. Bf3 $4 Rg1+ 41. Kh2
Rh1+ 42. Bxh1 Qxh1#) 40... Qxd3 41. e8=N+ $1 Kh6 42. Qxd3 Rxd1 43. Qxd1 1-0

[Event "ISR-chT"]
[Site "Israel"]
[Date "1998.05.15"]
[Round "10"]
[White "Tsesarsky, Ilya"]
[Black "Avrukh, Boris"]
[Result "0-1"]
[WhiteElo "2425"]
[BlackElo "2525"]
[Annotator "Tsesarsky,I"]
[PlyCount "86"]
[EventDate "1998.01.15"]
[EventType "team-tourn"]
[EventRounds "10"]
[EventCountry "ISR"]
[SourceTitle "CBM 065"]
[Source "ChessBase"]
[SourceDate "1998.08.06"]
[SourceVersion "1"]
[SourceVersionDate "1998.08.06"]
[SourceQuality "1"]

1. d4 Nf6 2. c4 g6 3. Nc3 d5 4. cxd5 Nxd5 5. Na4 Bg7 (5... e5 6. dxe5 (6. e4
Nf6 (6... Bb4+ 7. Bd2 Bxd2+ 8. Qxd2 Nf6 9. dxe5 Qxd2+ 10. Kxd2 Nxe4+ 11. Ke3
$14) 7. dxe5 Qxd1+ 8. Kxd1 Nxe4 9. Be3 $11) 6... Bb4+ 7. Bd2 Ne3 8. fxe3 (8.
Qc1 Qxd2+ 9. Qxd2 Bxd2+ 10. Kxd2 Ng4 11. Nh3 Nxe5 12. Nf4 $11) 8... Bxd2+ 9.
Qxd2 (9. Kf2 Nc6 10. Nf3 Bb4 11. a3 {1/2-1/2 Yegiazarian,A-Aronian,L/Ciocaltea
mem 1998}) 9... Qh4+ 10. g3 Qxa4 11. Qd4 (11. Bg2 O-O 12. Nf3 Nc6 13. O-O Rd8
14. Qc3 $14 Qg4 (14... Be6 15. Ng5 $16) (14... h6 15. b3 Qg4 16. Rad1 $14) 15.
Rad1 Be6 16. Nd4 Bxa2 17. Nxc6 bxc6 18. Rd4 $14) 11... Qa5+ 12. b4 Qa6 13. e6 (
13. Bg2 O-O 14. Nf3 Nc6 15. Qc3 (15. Qh4 Qa3 16. Qh6 Qxb4+ 17. Kf2 f6 $17)
15... Qb6 16. Rb1 a5 17. b5 Nb4 18. Nd4 Nxa2 19. Qa1 Be6 20. Nxe6 Qxe6 21. Bxb7
$13) 13... O-O 14. exf7+ (14. e7 Re8 15. Qd8 Qa4 16. a3 a5 (16... Qd7 17. Rd1
Qxe7 18. Qxe7 Rxe7 19. Rd8+ $18) 17. Rd1 Bd7 $19) 14... Rxf7 15. Bg2 Be6 16.
Nh3 (16. Qd8+ Kg7 17. Qd4+ $11) (16. Nf3 Nc6 17. Qc3 Re8 18. Ng5 Bg4 19. Bf3
Bxf3 20. exf3 Nxb4 $1 $19) 16... Bxh3 (16... Nc6 17. Qc3 Bg4 18. Ng1 Re8 $15)
17. Qd8+ (17. Bxh3 Nc6 18. Qc5 Re8 19. Bg2 Nd8 20. Rd1 c6 $15) 17... Kg7 (17...
Rf8 $19) 18. Qd4+ Kg8 19. Qd8+ $19 {1/2-1/2 Kharlov,A-Herrera,I/II Open, Ubeda
ESP 1997}) (5... Nf6 $5 6. Nf3 (6. Bf4 Bg7 7. e3) (6. Nc3 $5 Nd5 $5 (6... Bg7
7. e4) 7. Na4 $11) 6... Bg7 7. Bf4 O-O 8. e3 $14) 6. e4 (6. Nf3 $142 O-O 7. e4
Nb6 8. Be3 Nxa4 9. Qxa4 c5 10. Rd1 {See Later} (10. Rb1 Bd7 11. Qb3 cxd4 12.
Nxd4 Qa5+ 13. Qc3 Qxa2 $19 {Grote,D-Kreiman,B/4th Open, Wichern GER 1997/0-1 
(40)})) 6... Nb4 (6... Nf6 7. Bd3 (7. Nc3 O-O 8. Nf3 Bg4 9. Be3 Nc6 10. Be2 $5
Nd7 (10... e5 11. Nxe5 Bxe2 12. Kxe2 Nxe5 13. dxe5 Ng4 14. f4 Nxe3 15. Kxe3 $14
) 11. O-O Nb6 12. d5 Bxf3 13. gxf3 (13. dxc6 Bxe2 14. Qxe2 bxc6 15. Rad1 Qc8
$44) 13... Ne5 14. Qb3 (14. f4 Nec4 15. Bc1 $132) 14... Qd7 15. Nb5 (15. Rfc1
Qh3 16. Nb5 Nxf3+ 17. Bxf3 Qxf3 18. Nxc7 Qg4+ 19. Kf1 Qh3+ 20. Kg1 Be5 21. Nxa8
Bxh2+ 22. Kh1 Be5+ 23. Kg1 Rxa8 $17) 15... Qh3 (15... c6 16. Nxa7 $16) (15...
Rfc8 16. Rfc1 Qd8 17. Rc2 $16) 16. Bd4 c6 17. f4 Qxb3 18. axb3 cxb5 19. fxe5
Nd7 20. f4 a6 21. Rac1 $16) (7. f3 $5 O-O 8. Be3 c6 9. Bd3 $5 (9. Ne2 Nbd7 10.
Qc2 (10. Nec3 b5 11. Nc5 Nxc5 12. dxc5 b4 13. Qxd8 Rxd8 14. Na4 $132) 10... e5
11. Rd1 exd4 12. Nxd4 Re8 13. Be2 Qe7 14. O-O Nd5 15. Bf2 Nf4 16. Nc3 $11)) (7.
e5 Nd5 8. Nf3 O-O 9. Be2 $5 (9. Bc4 Bg4 10. O-O Nc6 11. Nc5 Na5 12. Be2 b6 13.
Ne4 $14)) 7... O-O 8. Ne2 (8. Nf3 $2 Bg4 9. Be3 Nc6 10. d5 Ne5 11. O-O (11. Be2
Nxe4 $19) 11... c6 $17) 8... Nc6 9. e5 (9. d5 Nb4 10. Bb1 e6 11. Qb3 a5 12. a3
Na6 $17) 9... Nd5 10. O-O b6 11. a3 (11. Be4 Bb7 12. Bg5 $132 (12. Bd2 Qd7 13.
Rc1 Rad8 14. Re1 Ba6 $15)) 11... Bb7 12. Nac3 Nxc3 13. bxc3 Na5 14. Be3 (14. f4
Qd5 15. Rf2 c5 16. Rb1 cxd4 17. cxd4 e6 $15) 14... c5 15. Ng3 Qd5 16. Be4 Qc4
17. Bxb7 Nxb7 18. Rc1 Rad8 $15 {0-1 Nadanian,A-Fominyh,A/Zepter Open, Minsk
BLR 1998 (60)}) (6... Nb6 7. Be3 O-O 8. Rc1 $6 (8. Nf3 Bg4 (8... Nxa4 9. Qxa4
c5 10. Rd1 Bd7 (10... Qb6 $6 11. Rd2 Bd7 12. Qa3 cxd4 13. Nxd4 Qc7 14. Be2 e5
15. Rc2 Qd8 16. Nb5 Nc6 17. Nd6 Qb8 18. Bc4 Nd4 19. Bxd4 exd4 20. O-O Be6 21.
Bxe6 fxe6 22. Rfc1 Be5 $4 (22... Bh6 23. Qh3 (23. Re1) (23. Rc8 Bxc1 24. Rxb8
Raxb8 25. Qb3 Kh8 26. Kf1 $16 (26. Qxe6 Bxb2 27. h4 $16)) 23... Qxd6 (23...
Bxc1 24. Qxe6+ Kg7 25. Qe5+ Kh6 (25... Rf6 26. Qe7+ $18) 26. Rxc1 $16) 24. Qxh6
Rad8 25. e5 Qe7 26. Rc7 Rd7 $11) 23. Rc7 $18 {1-0 Kortchnoi,V-Sutovsky,E/
WM-Qualifikation Dresden 1998 (24)}) 11. Bb5 cxd4 12. Bxd4 Bxd4 13. Nxd4 Bxb5
14. Qxb5 Qc7 15. O-O a6 16. Qg5 Nc6 17. Rc1 $14 {1-0 Kharlov,A-Vakhidov,T/
Anibal op 1997 (39)}) 9. Be2 Nc6 10. d5 Bxf3 11. gxf3 Ne5 12. Rc1 Ned7 13. Nc3
c6 14. dxc6 bxc6 15. f4 Qb8 16. h4 Rd8 (16... e5 17. f5 $40) 17. Qb3 Bh6 18. e5
$40 {Yegiazarian,A-Neverov,V/Zepter Open, Minsk BLR 1998/1-0 (45)}) 8... Nc6 9.
d5 Nxa4 10. Qxa4 Ne5 11. h3 c6 12. f4 Nd7 13. dxc6 bxc6 14. e5 Nb6 15. Qxc6 Be6
16. Rd1 Nd5 17. Qa4 Rb8 $17 {0-1 Kharlov,A-Krasenkow,M/Polish TV KO, Swidnica
POL 1997 (25)}) 7. a3 N4c6 (7... N4a6 8. Be3 O-O 9. Be2 e5 10. Nf3 exd4 11.
Bxd4 Bxd4 12. Qxd4 Qxd4 13. Nxd4 Rd8 14. O-O-O c6 15. Nf5 Rd7 (15... Rxd1+ 16.
Rxd1 gxf5 17. Rd8+ Kg7 18. Rxc8 $16) 16. Ne7+ Rxe7 17. Rd8+ Kg7 18. Rxc8 b5 19.
Rd1 Nc7 20. Nc5 $16 {1-0 Toulzac,P-Varlet,N/FrTCh, Montpellier FRA 1998 (32)})
8. d5 Ne5 9. f4 (9. Nf3 Nxf3+ 10. Qxf3 c6 11. Nc3 $11) 9... Ng4 10. Be2 Nf6 (
10... e5 $6 11. dxe6 $1 (11. Bxg4 Qh4+ 12. g3 Qxg4 13. Qxg4 Bxg4 14. fxe5 Bxe5
15. Bf4 $15) (11. Nf3 O-O (11... f5 12. exf5 gxf5 13. h3 Nf6 14. Nxe5 Nxd5 15.
Bh5+ $16) 12. h3 Nf6 13. fxe5 Nxe4 14. O-O Ng3 $11) 11... Qxd1+ 12. Bxd1 Bxe6
13. Nc5 $14) 11. Nc3 e6 $5 (11... O-O 12. e5 Nfd7 13. Nf3 $14) (11... c6 $5 12.
Bf3 O-O 13. Be3 $132) 12. Be3 $6 (12. Qa4+ Bd7 13. Qb3 Qc8 14. Nf3 O-O 15. O-O
$132) (12. Nf3 exd5 13. e5 Ne4 14. Qxd5 Nxc3 15. Qxd8+ Kxd8 16. bxc3 $11) 12...
O-O $6 (12... exd5 13. e5 Ng4 14. Bxg4 (14. Nxd5 Nxe3 15. Nxe3 O-O $15) 14...
Qh4+ 15. g3 Qxg4 16. Qxg4 (16. Nb5 Qxd1+ 17. Rxd1 Na6 18. Rxd5 b6 $17) 16...
Bxg4 17. Nxd5 Na6 18. h3 Be6 19. O-O-O Rd8 $11) 13. Nf3 Qe7 $6 (13... exd5 14.
e5 Ne4 15. Nxd5 (15. Qxd5 Nxc3 16. Qxd8 Rxd8 17. bxc3 $11) 15... Be6 16. Nb4 a5
17. Nc2 $11) 14. e5 Nxd5 (14... Ng4 15. Bd4 f6 16. O-O fxe5 17. fxe5 Nd7 18.
dxe6 Ndxe5 19. Nd5 Nxf3+ (19... Qxe6 20. Nxc7 $18) (19... Qd6 20. Nxe5 Rxf1+ (
20... Nxe5 21. Rxf8+ Kxf8 (21... Bxf8 22. Nf6+ Kh8 23. Ne8 Qxe6 24. Nxc7 $18)
22. Rc1 $18) 21. Qxf1 Nxe5 22. Bxe5 Bxe5 23. Qf7+ Kh8 24. Nf6 Bxf6 25. Qxf6+
Kg8 26. Bc4 $18) 20. Rxf3 Qd6 21. Rxf8+ Bxf8 22. e7 Qxh2+ 23. Kf1 Be6 24. Bxg4
Bxd5 25. exf8=Q+ Rxf8+ 26. Bf3 Bc4+ 27. Kf2 Qh4+ 28. Kg1 Rd8 $17) 15. Nxd5 exd5
16. Qxd5 Rd8 17. Qb3 c5 $2 $16 (17... c6 18. O-O $14) 18. Bc4 Nc6 (18... Be6
19. Bxe6 Qxe6 (19... fxe6 20. f5 $16) 20. Qxe6 fxe6 21. Bxc5 $16) 19. Ng5 Rf8
20. Bd5 Nd4 21. Bxd4 (21. Qc4 b5 22. Qc3 Bb7 $15) 21... cxd4 22. O-O Bf5 (22...
h6 23. Nf3 Bg4 24. Rad1 g5 25. Rxd4 gxf4 26. Rxf4 Bxf3 27. R4xf3 Qxe5 28. Rxf7
$18) 23. Rad1 d3 24. Ne4 $6 $14 (24. Be4 h6 25. Bxf5 hxg5 26. Bxg6 gxf4 27.
Rxd3 Bxe5 28. Be4 Rad8 $14) (24. Rf2 $1 Rad8 25. Ne4 Bxe4 26. Bxe4 Rd4 27. Bxd3
Rfd8 28. g3 Qd7 29. Rf3 $16) 24... Bg4 $1 25. Rd2 Be2 26. Rc1 (26. Re1 $14)
26... Rab8 (26... g5 $6 27. Qxb7 (27. e6 $2 fxe6 (27... Bd4+ 28. Kh1 f5 29.
Nxg5 Be3 30. Rxe2 Bxc1 31. Qxd3 Bxf4 32. Nf7 $16) 28. Bxe6+ Kh8 29. fxg5 Rae8
30. Bd5 Bd4+ 31. Kh1 Be3 $17) (27. Nxg5 $1 Bxe5 $1 28. Rxd3 $1 Bxf4 $1 29. Rg3
$1 {Sutovsky} Bxg5 (29... Kh8 30. Nxf7+ Rxf7 31. Bxf7 Qe5 32. Rgc3 Bxc1 33.
Rxc1 $16) (29... Bxc1 30. Nxf7+ $18) 30. h4 Rac8 31. Rxc8 Rxc8 32. Rxg5+ Kh8
33. Qg3 $16) 27... Qxb7 28. Bxb7 Rab8 29. Rc7 gxf4 30. Nf6+ Bxf6 31. exf6 Rfd8
32. Ba6 Rd6 33. Rxa7 Rxf6 34. Bxd3 Bxd3 35. Rxd3 Rxb2 $11) 27. Bc4 (27. Nc5 $2
Rfc8 28. Qb4 (28. Nxd3 Rxc1+ 29. Nxc1 Qc5+ $19) 28... Bf8 29. Nxd3 Qh4 $1 $19)
(27. Nf2 Rbc8 28. Rxc8 Rxc8 29. Nxd3 Bxd3 30. Rxd3 Rc1+ 31. Rd1 Qc5+ 32. Kh1
Qe3 33. g3 Qxb3 34. Bxb3 Rxd1+ 35. Bxd1 Kf8 $11) (27. g3 $1 b6 28. Nf2 Rbc8 29.
Nxd3 $16) 27... g5 $1 (27... Rbc8 28. Nd6 (28. Bxf7+ Kh8 29. Rxc8 Rxc8 30. Qe6
Qc7 $17) (28. Rc3 Qh4 29. g3 Qh3 30. Rc1 Qd7 31. Kg2 Rc6 32. Nc3 $16) 28... Rc7
29. Re1 $16) 28. fxg5 $5 (28. Nxg5 $5 Qc5+ 29. Kh1 Qe3 30. Qb4 (30. Qc3 Qxf4
31. Nh3 Qxe5 32. Qxe5 Bxe5 33. Bxd3 Bxd3 34. Rxd3 Bxb2 35. Rb1 Be5 36. Rd7 Rfc8
$17) 30... Qxf4 31. Bxd3 Bxe5 (31... Qxg5 32. Bxe2 Qxe5 33. Bf3 $11) 32. Nf3 (
32. Qxf4 Bxf4 33. Rxe2 Bxc1 $19) 32... Bxf3 33. gxf3 Kh8 $11) (28. e6 $5 f5 (
28... fxe6 29. Bxe6+ Kh8 30. f5 (30. fxg5 Rf4 $17) 30... Rbd8 $132) 29. Nxg5
Rfc8 30. a4 Bd4+ 31. Kh1 Be3 32. Rxe2 Bxc1 33. Qxd3 Bxf4 34. Nf3 $14) 28...
Qxe5 $2 (28... Bxe5 $1 29. Bxd3 Bxd3 30. Qxd3 Rbd8 31. Qc2 Rxd2 32. Qxd2 Bxh2+
33. Kxh2 Qxe4 34. Re1 $11) 29. Bxd3 Qd4+ 30. Kh1 Bxd3 31. Qxd3 Qxd3 32. Rxd3
Bxb2 33. Rcd1 $132 Kg7 (33... Rfc8 34. Nd6 (34. Nf6+ Kg7 35. Nd7 Ra8 36. Rb3
Rc2 37. Rxb7 Rac8 38. g3 a5 39. Rb3 Re8 40. h4 Ree2 41. Rbd3 Bc1 42. Nf6 Be3 (
42... Rh2+ 43. Kg1 Rcg2+ 44. Kf1 Ra2 $11) 43. Ng4 $11) 34... Rc1 35. Rxc1 Bxc1
36. Nf5 b5 37. h4 a5 38. g4 b4 39. axb4 axb4 40. Rd1 Bf4 41. Nh6+ Kf8 42. Rd7
b3 43. Rxf7+ Ke8 44. Rxf4 b2 45. Rf1 b1=Q 46. Rxb1 Rxb1+ $11) 34. h4 Be5 35.
Nc5 (35. Rd7) 35... Rfe8 36. Rd7 $2 $138 (36. g3 $11) (36. Nd7 $1 Rbc8 37. Nxe5
Rxe5 38. Rd7 $16) 36... Rbc8 37. Nxb7 $5 (37. Nd3 $5 Rc4 (37... Bg3 38. Rf1 Kg8
39. Rxb7 (39. Rfxf7 Rc1+ 40. Nxc1 Re1+ $19) 39... Re3 40. Nf2 Rc4 41. Nh3 Rxa3
42. Rbxf7 Rxh4 43. g6 $11) 38. Nxe5 Rxh4+ 39. Kg1 Rxe5 40. Rf1 b5 41. Rfxf7+
Kg6 42. Rxa7 Rhe4 43. Rg7+ Kh5 44. Rxh7+ Kxg5 45. Kh2 $16) 37... Rc4 $11 38. g3
$2 (38. R1d3 Rxh4+ 39. Kg1 Rf4 40. Nd8 Kg6 41. Nc6 $11) 38... Bxg3 $17 39. R1d4
(39. R7d4 Re4 40. Rxc4 Rxc4 $17) (39. Nd8 Kg6 40. Nxf7 Rxh4+ 41. Kg2 Bb8 42.
Rb1 Rg4+ 43. Kh1 (43. Kh3 Rg3+ 44. Kh4 Re4#) 43... Rf4 44. Rbb7 Rf8 45. Nd6
Rh4+ 46. Kg2 Kxg5 $17) 39... Rc2 $19 40. Rd2 Rxd2 41. Rxd2 Bxh4 42. Rd7 $2 (42.
Rd5 Kg6 43. Ra5 Bxg5 44. Rxa7 Re2 45. Ra8 h5 $19) 42... Bxg5 43. Nd6 Rd8 0-1